Accounting Support for Sustainability Reporting: Theoretical Foundations and Bibliometric Analysis
Účelom tejto štúdie je zdôvodniť teoretické ustanovenia o podpore účtovníctva pre podávanie správ o udržateľnosti a vypracovať praktické odporúčania na zlepšenie mechanizmov na generovanie fragmentov nefinančného výkazníctva na základe účtovných údajov. Štúdia prebieha na príklade Ukrajiny. Príspevo...
Enregistré dans:
| Auteur principal: | |
|---|---|
| Autres auteurs: | , , , |
| Format: | Chapitre de livre |
| Langue: | anglais |
| Sujets: | |
| Tags: |
Pas de tags, Soyez le premier à ajouter un tag!
|
MARC
| LEADER | 00000naa a2200000 4500 | ||
|---|---|---|---|
| 001 | 0296770 | ||
| 005 | 20250721124406.5 | ||
| 041 | 0 | |a eng | |
| 044 | |a UA | ||
| 245 | 1 | 0 | |a Accounting Support for Sustainability Reporting: Theoretical Foundations and Bibliometric Analysis |c Hana Filatova, Tetiana Vasylieva, Nataliia Vynnychenko, Martina Ballová, Milan Gedeon |
| 520 | |a Účelom tejto štúdie je zdôvodniť teoretické ustanovenia o podpore účtovníctva pre podávanie správ o udržateľnosti a vypracovať praktické odporúčania na zlepšenie mechanizmov na generovanie fragmentov nefinančného výkazníctva na základe účtovných údajov. Štúdia prebieha na príklade Ukrajiny. Príspevok poskytuje bibliometrickú analýzu vedeckých publikácií o reportingu v oblasti trvalo udržateľného rozvoja. | ||
| 610 | 2 | 0 | |a udržateľnosť |
| 610 | 2 | 0 | |a účtovníctvo |
| 610 | 2 | 0 | |a dáta |
| 610 | 2 | 0 | |a kontroling |
| 610 | 2 | 0 | |a analýza bibliometrická |
| 100 | 1 | |a Filatova, Hana | |
| 700 | 1 | |a Vasylieva, Tetiana | |
| 700 | 1 | |a Vynnychenko, Nataliia | |
| 700 | 1 | |a Ballová, Martina, 1985- | |
| 700 | 1 | |a Gedeon, Milan, 1993- | |